| 000 | 01198nam a2200277 i 4500 | ||
|---|---|---|---|
| 001 | 180285 | ||
| 003 | ES-MaACL | ||
| 005 | 20250513063026.0 | ||
| 008 | 120523s1997 sp | |||| ||spa d | ||
| 020 | _a84-89794-03-0 (V. 2) | ||
| 080 | _a821.134.2-291.1"16" | ||
| 080 | _a821.134.2-12"16" | ||
| 100 | 1 |
_9239594 _aCalderón de la Barca, Pedro, _d1600-1681 _eaut |
|
| 245 | 1 | 0 |
_aAutos sacramentales. _nII / _cCalderón de la Barca ; [edición y prólogo de Enrique Rull Fernández]. |
| 260 |
_aMadrid : _bTurner, _c1997. |
||
| 300 |
_aXXVI, 732 p. ; _c23 cm. |
||
| 490 | 1 | _aBiblioteca Castro | |
| 500 | _aEn 8 v. | ||
| 505 | 8 | _aContiene: Vol. 2: El gran teatro del mundo. El gran mercado del mundo. La torre de Babilonia. La vida es sueño (Priemra versión). Los misterios de la misa. Psiquis y Cupido (Para Toledo). El divino cazador. Llamados y escogidos. El pleito matrimonial del cuerpo y el alma. La siembra del Señor. La humildad coronada de las plantas. El socorro general | |
| 650 | 1 | 4 |
_a _9239585 |
| 700 | 1 |
_aRull Fernández, Enrique. _9100978 |
|
| 830 | 0 |
_aBiblioteca Castro _9178957 |
|
| 852 |
_aES-MaACL _jL-29888 |
||
| 942 | _2udc | ||
| 999 |
_c180285 _d180285 |
||